00797nam a2200253 u 450000100100000000500170001000800410002702000180006804100080008604300120009409000130010610000170011924500390013625000120017526000410018730000110022849000230023965000340026265000380029665000260033465000350036099900150039595201330041000005694020200120223401.0120416s2002 sp a br 000 p spa d a97884241807630 aspa ae-sp--- aJNbSEIT1 aSeidler, Tor10aHermanos bajo cero /cTor Seidler. a1a. ed. aLeón (España) :bEverest,c2002. a118 p. 0aPunto de encuentro14aNovela juvenil estadounidense24aLiteratura juvenil estadounidense24aAmor en la literatura24aVida familiar en la literatura c6237d6237 00102ddc40708LJaBPMOSbBPMOSd2020-01-20i103873l0oJN SEITpMOS008061r2020-01-20tej.2w2020-01-20yBKLITzQuince días